| 000 | 00425nam a2200157Ia 4500 | ||
|---|---|---|---|
| 005 | 20250508163444.0 | ||
| 008 | 008 250505s9999 xx 000 0 eng d | ||
| 037 | _aReference | ||
| 040 |
_aFEDL _beng _cFEDL |
||
| 041 |
_aeng _2eng |
||
| 084 |
_a370.954, IND _qFEDL |
||
| 245 | 0 | _aChallenge of education : A policy perspective | |
| 300 | _a119p. | ||
| 942 |
_cREF _h370.954, IND |
||
| 999 |
_c1383364 _d1383364 |
||